[Event "TCh-RUS Premier 2019"]
[Site "Sochi RUS"]
[Date "2019.05.07"]
[Round "6.2"]
[Board "3"]
[White "Matlakov, Maxim"]
[Black "Kokarev, Dmitry"]
[Result "1-0"]
[WhiteTitle "GM"]
[BlackTitle "GM"]
[WhiteElo "2697"]
[BlackElo "2605"]
[WhiteTeam "Mednyi vsadnik (St. Petersburg)"]
[BlackTeam "Strazhi pravoporyadka (St. Petersburg)"]
[WhiteFideId "4168003"]
[BlackFideId "4132181"]
[EventDate "2019.05.01"]

1. c4 g6 2. Nc3 c5 3. g3 Bg7 4. Bg2 Nc6 5. b3 d6 6. Bb2 e5 7. e3 Nge7 8. Nge2
Be6 9. Nd5 O-O 10. d3 Qd7 11. h4 h5 12. Qd2 Rab8 13. Nec3 a6 14. O-O b5 15.
Nxe7+ Nxe7 16. Ne4 Bf5 17. Ng5 f6 18. Ne4 Kh7 19. f4 bxc4 20. bxc4 Bxe4 21. dxe4
Qe6 22. f5 Qxc4 23. fxg6+ Kxg6 24. Rf2 Rb6 25. Bc3 Ng8 26. Ba5 Rc6 27. Rf5 Nh6
28. Bf3 Ng4 29. Rc1 Qa4 30. Rxh5 Kxh5 31. Bxg4+ Kh6 32. Bf5 Rcc8 33. Rf1 Rb8 34.
g4 Bh8 35. g5+ Kg7 36. Bc7 Qc6 37. gxf6+ Kf7 38. Bxb8 Rxb8 39. Qg2 Bxf6 40. Qg6+
Ke7 41. Qxf6+ 1-0

[Event "TCh-RUS Premier 2019"]
[Site "Sochi RUS"]
[Date "2019.05.07"]
[Round "6.3"]
[Board "6"]
[White "Murzin, Volodar"]
[Black "Lomasov, Semyon"]
[Result "1/2-1/2"]
[WhiteTitle "FM"]
[BlackTitle "IM"]
[WhiteElo "2407"]
[BlackElo "2541"]
[WhiteTeam "Siberia (Novosibirsk region)"]
[BlackTeam "Molodezhka (Tyumen region)"]
[WhiteFideId "44155573"]
[BlackFideId "24164879"]
[EventDate "2019.05.01"]

1. e4 c5 2. Nf3 d6 3. Bb5+ Nd7 4. O-O a6 5. Bd3 Ngf6 6. c3 b5 7. Bc2 Bb7 8. Qe2
e6 9. d4 Be7 10. Nbd2 O-O 11. Re1 Qc7 12. Nf1 Rac8 13. Bd3 Rfe8 14. Ng3 Bf8 15.
Bd2 e5 16. d5 c4 17. Bc2 Nb6 18. Nf5 a5 19. Rad1 Ba6 20. h3 Na4 21. Bc1 Nc5 22.
Nh2 b4 23. Qf3 b3 24. axb3 cxb3 25. Bb1 Nfd7 26. Ng4 f6 27. h4 g6 28. Ngh6+ Kh8
29. Qg4 Nb6 30. h5 g5 31. Qf3 Bxh6 32. Nxh6 Rf8 33. Nf5 Nc4 34. h6 a4 35. Ng7
Rb8 36. Kh2 Qf7 37. Kg1 Bc8 38. Qe2 Ba6 39. Qf3 Qe7 40. Nf5 Qc7 41. Ng7 Qf7 42.
Nf5 Qd7 43. Ng7 Bc8 44. Qe2 Qg4 45. f3 Qd7 46. Be3 Qb5 47. Bxc5 Qxc5+ 48. Kh2 a3
49. bxa3 Nxa3 50. Ne6 Bxe6 51. dxe6 Rfe8 52. Rd5 Qb6 53. Qb2 Nc4 54. Qe2 Na3 55.
Qb2 Nxb1 56. Rxb1 Rxe6 57. Qd2 Qd8 58. c4 Qf8 59. Kg1 Kg8 60. Rb5 Rbe8 61. R5xb3
Qxh6 62. Qd5 Qf8 63. Rb7 Kh8 64. Rd7 g4 65. Rbb7 Qh6 66. Rxh7+ Qxh7 67. Rxh7+
Kxh7 68. fxg4 Kg6 69. Kf2 Kf7 70. Kg3 Rg8 71. Qc6 Kg6 72. c5 Rge8 73. cxd6 Rd8
74. Qc1 Rexd6 75. Qf1 Rg8 76. Qf5+ Kf7 77. Qf1 Rd4 78. Qb5 Rg5 79. Kf3 Rd8 80.
Qb7+ Kg6 81. Qa6 Rh8 82. Qb7 Rf8 83. Qa6 Kh7 84. Qe6 Rg7 85. Qf5+ Kh8 86. Kg3 1/2-1/2

[Event "TCh-RUS Premier 2019"]
[Site "Sochi RUS"]
[Date "2019.05.08"]
[Round "7.1"]
[Board "1"]
[White "Iljiushenok, Ilia"]
[Black "Lobanov, Sergei"]
[Result "1-0"]
[WhiteTitle "GM"]
[BlackTitle "IM"]
[WhiteElo "2534"]
[BlackElo "2513"]
[WhiteTeam "Moskovskaya oblast"]
[BlackTeam "SShOR (St. Petersburg)"]
[WhiteFideId "24105074"]
[BlackFideId "24183750"]
[EventDate "2019.05.01"]

1. c4 e5 2. Nc3 Nf6 3. g3 Nc6 4. Bg2 Bb4 5. e4 O-O 6. Nge2 d6 7. h3 Bxc3 8. bxc3
Nd7 9. O-O Nc5 10. Ba3 Na5 11. d3 f5 12. exf5 Bxf5 13. d4 exd4 14. cxd4 Ne4 15.
Rc1 Nf6 16. Nf4 Qd7 17. d5 b6 18. g4 Be4 19. f3 Bg6 20. Ne6 Rfe8 21. Re1 b5 22.
cxb5 Qxb5 23. Nxc7 Qb6+ 24. Kh1 Rxe1+ 25. Qxe1 Rd8 26. Bb4 Nb7 27. Rc6 1-0

[Event "TCh-RUS Premier 2019"]
[Site "Sochi RUS"]
[Date "2019.05.08"]
[Round "7.1"]
[Board "2"]
[White "Usmanov, Vasily"]
[Black "Nozdrachev, Vladislav"]
[Result "1-0"]
[WhiteTitle "IM"]
[BlackTitle "IM"]
[WhiteElo "2437"]
[BlackElo "2489"]
[WhiteTeam "SShOR (St. Petersburg)"]
[BlackTeam "Moskovskaya oblast"]
[WhiteFideId "4135741"]
[BlackFideId "24113441"]
[EventDate "2019.05.01"]

1. Nf3 Nf6 2. g3 d5 3. Bg2 e6 4. O-O Be7 5. c4 O-O 6. d4 dxc4 7. Qc2 a6 8. a4 c5
9. dxc5 Bxc5 10. Qxc4 b6 11. Ne5 Ra7 12. Nc3 Bb7 13. Bxb7 Rxb7 14. Bf4 Rc7 15.
Rad1 Qc8 16. Qb3 Nc6 17. Nxc6 Rxc6 18. Rd3 h6 19. Kg2 Re8 20. Rfd1 Bf8 21. e4
Rc4 22. f3 b5 23. axb5 axb5 24. Be5 b4 25. Bxf6 gxf6 26. Ne2 Qc5 27. Nf4 Rc8 28.
Rd8 Rxd8 29. Rxd8 Rc1 30. Kh3 Rh1 31. Qd3 Kg7 32. Qd7 Qe7 33. Nh5+ Kh7 34. Qxe7
Bxe7 35. Rd7 Bc5 36. Rxf7+ Kg8 37. Rc7 Bd4 38. Rc4 Bxb2 39. Rxb4 Bc3 40. Rc4 Bb2
41. Rc8+ Kf7 42. Rc7+ Kg8 43. Re7 f5 44. Rxe6 fxe4 45. Rxe4 Kf7 46. Nf4 Bf6 47.
Ra4 Bg5 48. Ra7+ Kg8 49. Nd5 Bd2 50. f4 Rc1 51. Kg4 Kf8 52. Rh7 Rc5 53. Ne7 h5+
54. Kh4 Bxf4 55. gxf4 Rc7 56. Kg5 1-0

[Event "TCh-RUS Premier 2019"]
[Site "Sochi RUS"]
[Date "2019.05.08"]
[Round "7.1"]
[Board "5"]
[White "Bykov, Oleg"]
[Black "Saveliev, Alexei"]
[Result "1-0"]
[BlackTitle "IM"]
[WhiteElo "2395"]
[BlackElo "2367"]
[WhiteTeam "Moskovskaya oblast"]
[BlackTeam "SShOR (St. Petersburg)"]
[WhiteFideId "24198978"]
[BlackFideId "24128546"]
[EventDate "2019.05.01"]

1. d4 Nf6 2. c4 e6 3. Nc3 Bb4 4. Qc2 d5 5. cxd5 exd5 6. Bg5 h6 7. Bh4 O-O 8. e3
Be6 9. Bd3 c6 10. Ne2 Bd6 11. Bg3 Re8 12. O-O Bxg3 13. Nxg3 Qd6 14. Rab1 Nbd7
15. b4 Rac8 16. f3 Nf8 17. Nce2 b6 18. e4 dxe4 19. fxe4 Ng4 20. Qd2 Red8 21.
Rbd1 c5 22. h3 c4 23. Bc2 Ne5 24. Qc3 Nd3 25. Nh5 f6 26. a3 Nh7 27. Bxd3 cxd3
28. Qxd3 Bc4 29. Qe3 Re8 30. Rfe1 Bf7 31. Nhg3 Rc2 32. Nf5 Qc7 33. d5 Ng5 34. d6
Qd7 35. Neg3 Re5 36. h4 Ne6 37. Rc1 Ra2 38. Ne7+ Kh7 39. Ngf5 Bh5 40. Qg3 g6 41.
Nd5 Qf7 42. Nd4 Ng7 43. Rc7 Qf8 44. Rf1 1-0

[Event "TCh-RUS Premier 2019"]
[Site "Sochi RUS"]
[Date "2019.05.08"]
[Round "7.2"]
[Board "3"]
[White "Timofeev, Artyom"]
[Black "Zvjaginsev, Vadim"]
[Result "1/2-1/2"]
[WhiteTitle "GM"]
[BlackTitle "GM"]
[WhiteElo "2602"]
[BlackElo "2635"]
[WhiteTeam "Ladia (Republic of Tatarstan)"]
[BlackTeam "ShSM Legacy Square Capital (Moscow)"]
[WhiteFideId "4140419"]
[BlackFideId "4113403"]
[EventDate "2019.05.01"]

1. e4 e6 2. d4 d5 3. Nd2 c5 4. Ngf3 Nc6 5. exd5 exd5 6. Bb5 Qe7+ 7. Be2 Qc7 8.
O-O Nf6 9. Re1 cxd4 10. Bb5+ Be7 11. Nxd4 O-O 12. N2f3 Nxd4 13. Nxd4 Bc5 14. c3
Qb6 15. a4 a6 16. a5 Qd6 17. Be2 Re8 18. Bg5 Bd7 19. Bh4 Ne4 20. Bf3 Qh6 21. Bg3
Ba7 22. Qb3 Bxd4 23. cxd4 Qc6 24. Bxe4 Rxe4 25. Rxe4 dxe4 26. d5 Qb5 27. Qxb5
Bxb5 28. Rc1 Rd8 29. Rc7 f6 30. d6 Rd7 31. f3 e3 32. Bf4 e2 33. Kf2 g5 34. Bg3
Kf7 35. Rxd7+ Bxd7 36. Kxe2 Ke6 37. h4 gxh4 38. Bxh4 Kxd6 39. Bxf6 Ke6 40. Bc3
h5 41. Kf2 1/2-1/2

[Event "TCh-RUS Premier 2019"]
[Site "Sochi RUS"]
[Date "2019.05.08"]
[Round "7.2"]
[Board "4"]
[White "Grachev, Boris"]
[Black "Faizrakhmanov, Ramil"]
[Result "1-0"]
[WhiteTitle "GM"]
[BlackTitle "IM"]
[WhiteElo "2615"]
[BlackElo "2438"]
[WhiteTeam "ShSM Legacy Square Capital (Moscow)"]
[BlackTeam "Ladia (Republic of Tatarstan)"]
[WhiteFideId "4129199"]
[BlackFideId "24103209"]
[EventDate "2019.05.01"]

1. Nf3 Nf6 2. c4 e6 3. Nc3 Bb4 4. Qc2 c5 5. a3 Ba5 6. e3 O-O 7. Be2 Nc6 8. O-O
e5 9. d4 exd4 10. exd4 cxd4 11. Nb5 d5 12. c5 Ne4 13. b4 a6 14. Nbxd4 Nxd4 15.
Nxd4 Bc7 16. Bb2 Qg5 17. Nf3 Qe7 18. Rad1 Bf5 19. Rxd5 Ng3 20. Rxf5 Nxf5 21. Bd3
g6 22. Re1 Qd8 23. Bxf5 gxf5 24. Qxf5 f6 25. Qg4+ Kh8 26. Ng5 Qd2 27. Re7 Rae8
28. Nf7+ 1-0

[Event "TCh-RUS Premier 2019"]
[Site "Sochi RUS"]
[Date "2019.05.08"]
[Round "7.2"]
[Board "5"]
[White "Makhmutov, Rail"]
[Black "Popov, Ivan RUS"]
[Result "1/2-1/2"]
[WhiteTitle "IM"]
[BlackTitle "GM"]
[WhiteElo "2390"]
[BlackElo "2600"]
[WhiteTeam "Ladia (Republic of Tatarstan)"]
[BlackTeam "ShSM Legacy Square Capital (Moscow)"]
[WhiteFideId "4122151"]
[BlackFideId "4170350"]
[EventDate "2019.05.01"]

1. d4 e6 2. c4 b6 3. e4 Bb4+ 4. Bd2 Bxd2+ 5. Qxd2 d5 6. cxd5 exd5 7. exd5 Ne7 8.
Bb5+ Nd7 9. d6 cxd6 10. Ne2 O-O 11. Bxd7 Qxd7 12. O-O Bb7 13. Nbc3 Rac8 14. Rfe1
Rc4 15. d5 Rfc8 16. Nf4 Nf5 17. g3 Ba6 18. Re4 Rxe4 19. Nxe4 Qa4 20. Nc3 Qd4 21.
Qc2 g6 22. Re1 Bb5 23. Re4 Qf6 24. Qd2 Bd7 25. a4 Kg7 26. Qd3 h5 27. h4 Re8 28.
Rxe8 Bxe8 29. Nfe2 Qe5 30. Kg2 Bd7 31. b4 a5 32. b5 Bc8 33. Qc4 Bb7 34. Nf4 Ne7
35. Kf1 Bc8 36. Nd3 Qf6 37. Ne4 Qa1+ 38. Ke2 Bg4+ 39. f3 Bf5 40. Qc3+ Qxc3 41.
Nxc3 Bxd3+ 42. Kxd3 f5 43. f4 1/2-1/2

[Event "TCh-RUS Premier 2019"]
[Site "Sochi RUS"]
[Date "2019.05.08"]
[Round "7.2"]
[Board "6"]
[White "Gordievsky, Dmitry"]
[Black "Toropov, Pavel"]
[Result "1-0"]
[WhiteTitle "GM"]
[BlackTitle "FM"]
[WhiteElo "2585"]
[BlackElo "2327"]
[WhiteTeam "ShSM Legacy Square Capital (Moscow)"]
[BlackTeam "Ladia (Republic of Tatarstan)"]
[WhiteFideId "24112798"]
[BlackFideId "24129178"]
[EventDate "2019.05.01"]

1. c4 c6 2. Nf3 d5 3. e3 Nf6 4. Nc3 a6 5. d4 b5 6. b3 Bg4 7. a4 b4 8. Ne2 Nbd7
9. Ne5 Nxe5 10. dxe5 Bxe2 11. Bxe2 Ne4 12. e6 Nc3 13. Qd4 Qd6 14. exf7+ Kxf7 15.
Bb2 e5 16. Qd2 Rd8 17. cxd5 Nxe2 18. Qxe2 Qxd5 19. Rd1 Qxd1+ 20. Qxd1 Rxd1+ 21.
Kxd1 Ke6 22. Ke2 Bd6 23. Rc1 c5 24. Rc4 h5 25. e4 Rd8 26. Bc1 Kd7 27. Bg5 Rf8
28. Rc2 Rc8 29. Kd3 Be7 30. Bxe7 Kxe7 31. Kc4 Rd8 32. Re2 a5 33. h4 Rd1 34. Kxc5
Rg1 35. g3 Rc1+ 36. Kb5 Rc3 37. Rb2 Kd6 38. Kb6 Rd3 39. Kxa5 Kc5 40. f4 Rxg3 41.
fxe5 g6 42. Rc2+ Rc3 43. e6 Kd6 44. Rd2+ Kxe6 45. Kxb4 Rh3 46. a5 Rxh4 47. a6
Rxe4+ 48. Ka5 Re3 49. a7 Rxb3 50. Ra2 1-0

[Event "TCh-RUS Premier 2019"]
[Site "Sochi RUS"]
[Date "2019.05.08"]
[Round "7.3"]
[Board "2"]
[White "Duzhakov, Ilya"]
[Black "Khanin, Semen"]
[Result "0-1"]
[WhiteTitle "IM"]
[BlackTitle "IM"]
[WhiteElo "2388"]
[BlackElo "2524"]
[WhiteTeam "Muzhskoe Dvizhenie (St. Petersburg)"]
[BlackTeam "Siberia (Novosibirsk region)"]
[WhiteFideId "4192516"]
[BlackFideId "4111990"]
[EventDate "2019.05.01"]

1. Nf3 Nf6 2. g3 g6 3. Bg2 Bg7 4. c4 O-O 5. d4 d5 6. cxd5 Nxd5 7. O-O Nb6 8. Nc3
Nc6 9. e3 Re8 10. Nh4 e5 11. d5 Na5 12. Rb1 Nac4 13. b3 Nd6 14. e4 f5 15. a4 a5
16. Ba3 Bd7 17. Re1 Qf6 18. Rc1 f4 19. Qd3 Rac8 20. Rc2 g5 21. Nf5 Nxf5 22. exf5
Bxf5 23. Ne4 Qg6 24. Qb5 g4 25. d6 f3 26. Rxc7 Rxc7 27. dxc7 Bxe4 28. Bf1 Bf5
29. Rd1 Qc6 30. Rd6 Qxb5 31. Bxb5 Rc8 32. Rxb6 Rxc7 33. Bc4+ Kh8 34. Bd5 Bf8 35.
Bb2 Rc2 36. Bxe5+ Bg7 37. Bxg7+ Kxg7 38. h3 Rc1+ 39. Kh2 Rf1 40. hxg4 Rxf2+ 41.
Kh3 Bc8 42. Bxb7 Rf1 43. Kh2 Bxg4 44. Ba6 Rf2+ 45. Kh1 h5 46. Rb5 Re2 47. Rb7+
Kf6 48. Bc4 Rc2 49. Rf7+ Ke5 50. Ra7 Ke4 51. Re7+ Kd4 52. Re8 Bh3 53. Re1 Rxc4
54. Rd1+ Kc5 55. Kh2 Rd4 56. Rc1+ Kb4 57. Kxh3 Kxb3 58. Rf1 Kxa4 59. Rxf3 Rd5
60. Rf4+ Kb5 61. Kg2 a4 62. Kf3 a3 63. Ke4 Rd1 0-1

[Event "TCh-RUS Premier 2019"]
[Site "Sochi RUS"]
[Date "2019.05.08"]
[Round "7.3"]
[Board "3"]
[White "Tsydypov, Zhamsaran"]
[Black "Vlasenko, Miroslav"]
[Result "1-0"]
[WhiteTitle "IM"]
[BlackTitle "IM"]
[WhiteElo "2546"]
[BlackElo "2424"]
[WhiteTeam "Siberia (Novosibirsk region)"]
[BlackTeam "Muzhskoe Dvizhenie (St. Petersburg)"]
[WhiteFideId "4108566"]
[BlackFideId "4151887"]
[EventDate "2019.05.01"]

1. e4 Nc6 2. d4 d5 3. e5 Bf5 4. c3 e6 5. Nf3 f6 6. Bb5 Ne7 7. O-O a6 8. Ba4 Qd7
9. h3 Ng6 10. Re1 b5 11. Bc2 Bxc2 12. Qxc2 fxe5 13. dxe5 Be7 14. a4 b4 15. Nbd2
O-O 16. Nf1 Rxf3 17. gxf3 Rf8 18. Qe2 Qe8 19. Nh2 Qf7 20. Kh1 Qf5 21. Qxa6 Qxh3
22. f4 Nxf4 23. Bxf4 Rxf4 24. Re3 Qh6 25. Kg1 Bc5 26. Rf3 Rxf3 27. Nxf3 Qf4 28.
Qe2 Qg4+ 29. Kf1 Qh3+ 30. Kg1 Ne7 31. Nh2 bxc3 32. bxc3 Qxc3 33. Rb1 Bb6 34. Nf3
Ng6 35. Kh2 Qc5 36. Rb5 Qc1 37. Rb4 Qh6+ 38. Kg3 Ne7 39. Rg4 Qh1 40. Rf4 h6 41.
Qb5 Qh5 42. Qd7 Nf5+ 43. Kg2 Qg6+ 44. Kf1 Kh7 45. Qb5 Ng3+ 46. fxg3 Qxg3 47.
Qd3+ Kg8 48. Qd2 h5 49. Qh2 Qg6 50. Qe2 Qb1+ 51. Kg2 g5 52. Rf6 g4 53. Ne1 Qc1
54. Qd3 Kh8 55. Qg6 Qd2+ 56. Kf1 1-0

[Event "TCh-RUS Premier 2019"]
[Site "Sochi RUS"]
[Date "2019.05.08"]
[Round "7.3"]
[Board "4"]
[White "Lintchevski, Daniil"]
[Black "Bocharov, Dmitry"]
[Result "1/2-1/2"]
[WhiteTitle "GM"]
[BlackTitle "GM"]
[WhiteElo "2525"]
[BlackElo "2530"]
[WhiteTeam "Muzhskoe Dvizhenie (St. Petersburg)"]
[BlackTeam "Siberia (Novosibirsk region)"]
[WhiteFideId "4171055"]
[BlackFideId "4138716"]
[EventDate "2019.05.01"]

1. e4 c5 2. Nf3 d6 3. d4 cxd4 4. Nxd4 Nf6 5. Nc3 a6 6. g3 e6 7. Bg2 Be7 8. O-O
O-O 9. Be3 Qc7 10. a4 Nc6 11. Qe2 Rb8 12. Rad1 Bd7 13. Nb3 Ne5 14. Nd4 Nc4 15.
Bc1 b5 16. axb5 axb5 17. b3 b4 18. Qxc4 Qxc4 19. bxc4 bxc3 20. Rd3 Rfc8 21. Rxc3
Rb4 22. Rd1 Rbxc4 23. Rxc4 Rxc4 24. Bf1 Ra4 25. f3 g6 26. Be3 Ra3 27. Kf2 Rc3
28. Rd2 e5 29. Nb5 Nxe4+ 30. fxe4 Rxe3 31. Nxd6 Rc3 32. Nb5 Bc5+ 33. Kg2 Bxb5
34. Bxb5 Kg7 35. Bd3 h5 36. Rd1 Bd4 37. Rb1 Rc7 38. Rf1 Kh6 39. Rf3 Kg5 40. h4+
Kh6 41. Rf1 Kg7 42. Kh3 Rc6 1/2-1/2

[Event "TCh-RUS Premier 2019"]
[Site "Sochi RUS"]
[Date "2019.05.08"]
[Round "7.3"]
[Board "6"]
[White "Ivanov, Sergey"]
[Black "Murzin, Volodar"]
[Result "1/2-1/2"]
[WhiteTitle "GM"]
[BlackTitle "FM"]
[WhiteElo "2504"]
[BlackElo "2407"]
[WhiteTeam "Muzhskoe Dvizhenie (St. Petersburg)"]
[BlackTeam "Siberia (Novosibirsk region)"]
[WhiteFideId "4101375"]
[BlackFideId "44155573"]
[EventDate "2019.05.01"]

1. d4 d5 2. c4 c6 3. Nf3 Nf6 4. Nc3 a6 5. a4 e6 6. g3 Nbd7 7. Bg2 Bb4 8. O-O O-O
9. Qc2 Re8 10. Bf4 dxc4 11. Na2 Bf8 12. Qxc4 a5 13. Rfd1 Nb6 14. Qc2 Nbd5 15.
Bd2 h6 16. Ne5 Nb6 17. e3 Nfd7 18. Nd3 Qc7 19. b4 axb4 20. Naxb4 Qd6 21. Qb3 Nd5
22. Nc2 Qc7 23. Rdc1 e5 24. Na3 N5f6 25. d5 e4 26. Nb4 Nc5 27. Qd1 Bg4 28. Qc2
Nxd5 29. Nxd5 cxd5 30. Bb4 Rec8 31. Nb5 Qd7 32. Bxc5 Rxc5 33. Qb3 Be2 34. Rxc5
Bxc5 35. Rc1 b6 36. Bf1 Bxf1 37. Kxf1 Qc6 38. Rd1 Rd8 39. Rd2 Rd7 40. Kg2 Kh8
41. h4 Kg8 42. Qd1 Qf6 43. Qg4 Rd8 44. h5 Qe5 45. Nd4 Bxd4 46. Rxd4 Kh7 47. Rb4
Rd6 48. Rb5 Rf6 49. Qe2 Rd6 50. Qg4 Qg5 51. Qxg5 hxg5 52. g4 g6 53. hxg6+ Kxg6
54. f3 f6 55. Kg3 exf3 56. Kxf3 d4 57. exd4 Rxd4 58. Rxb6 Rxa4 59. Rb7 Ra8 60.
Rc7 Rh8 61. Ra7 Rh7 62. Ra8 Rd7 63. Rb8 Rd3+ 64. Kf2 Kf7 65. Rb6 Ke7 66. Ra6 Rd6
67. Ra5 Ke6 68. Ke3 Rb6 69. Rc5 Rb3+ 70. Kf2 Rd3 71. Ra5 Rd5 72. Ra4 Ke5 73. Ke3
f5 74. gxf5 Kxf5 75. Kf3 Rd3+ 76. Kf2 Kg6 77. Kg2 Kh5 78. Rb4 g4 79. Rb8 Kg5 1/2-1/2

[Event "TCh-RUS Premier 2019"]
[Site "Sochi RUS"]
[Date "2019.05.08"]
[Round "7.4"]
[Board "4"]
[White "Yuffa, Daniil"]
[Black "Romanov, Evgeny"]
[Result "1/2-1/2"]
[WhiteTitle "GM"]
[BlackTitle "GM"]
[WhiteElo "2595"]
[BlackElo "2573"]
[WhiteTeam "Molodezhka (Tyumen region)"]
[BlackTeam "Strazhi pravoporyadka (St. Petersburg)"]
[WhiteFideId "24131423"]
[BlackFideId "4148843"]
[EventDate "2019.05.01"]

1. d4 d5 2. c4 dxc4 3. e3 e5 4. Bxc4 exd4 5. exd4 Nf6 6. Nf3 Be7 7. O-O O-O 8.
Nc3 Nbd7 9. Re1 Nb6 10. Bb3 c6 11. Bg5 Bg4 12. Qe2 Bb4 13. a3 Bxc3 14. bxc3 Nbd7
15. h3 Bh5 16. g4 Bg6 17. Nh4 Qa5 18. Nxg6 hxg6 19. Bd2 Rae8 20. Qd3 Rxe1+ 21.
Bxe1 Nd5 22. c4 Nf4 23. Bxa5 Nxd3 24. Bc7 Rc8 25. Bh2 Re8 26. Rd1 Re1+ 27. Rxe1
Nxe1 28. Bd1 c5 29. Kf1 Nd3 30. Bf3 cxd4 31. Bxb7 Nb2 32. Bc6 Nc5 33. Be5 Nb3
34. c5 Nd3 35. Bd5 Nxe5 36. Bxb3 Kf8 37. f4 Nd3 38. c6 Ke7 39. Bxf7 Nxf4 40. h4
g5 41. hxg5 Kd6 42. Be8 Nd3 43. Ke2 Ne5 44. a4 a5 45. Kd2 Kc7 46. Kc2 Kd8 47.
Bd7 Kc7 48. Be8 Kd8 49. Bd7 Kc7 1/2-1/2

[Event "TCh-RUS Premier 2019"]
[Site "Sochi RUS"]
[Date "2019.05.08"]
[Round "7.4"]
[Board "5"]
[White "Rozum, Ivan"]
[Black "Antipov, Mikhail Al."]
[Result "1/2-1/2"]
[WhiteTitle "GM"]
[BlackTitle "GM"]
[WhiteElo "2568"]
[BlackElo "2595"]
[WhiteTeam "Strazhi pravoporyadka (St. Petersburg)"]
[BlackTeam "Molodezhka (Tyumen region)"]
[WhiteFideId "24104272"]
[BlackFideId "4107012"]
[EventDate "2019.05.01"]

1. d4 Nf6 2. c4 c6 3. Nc3 d5 4. Nf3 a6 5. a4 e6 6. g3 dxc4 7. Bg2 c5 8. dxc5
Qxd1+ 9. Nxd1 Bd7 10. Ne5 Nc6 11. Nxc4 Bxc5 12. Be3 Bxe3 13. Ndxe3 Ke7 14. f4
Rhd8 15. Kf2 Be8 16. b4 Rd4 17. b5 axb5 18. axb5 Rxa1 19. Rxa1 Nd8 20. b6 Bc6
21. Ra8 Bxg2 22. Kxg2 Ng4 23. Rc8 Nxe3+ 24. Nxe3 Nc6 25. Kf2 Rd8 26. Rc7+ Rd7
27. Rc8 Rd8 28. Rc7+ Rd7 29. Rc8 1/2-1/2

[Event "TCh-RUS Premier 2019"]
[Site "Sochi RUS"]
[Date "2019.05.08"]
[Round "7.4"]
[Board "6"]
[White "Kryakvin, Dmitry"]
[Black "Sychev, Klementy"]
[Result "0-1"]
[WhiteTitle "GM"]
[BlackTitle "GM"]
[WhiteElo "2588"]
[BlackElo "2574"]
[WhiteTeam "Molodezhka (Tyumen region)"]
[BlackTeam "Strazhi pravoporyadka (St. Petersburg)"]
[WhiteFideId "4153278"]
[BlackFideId "4114060"]
[EventDate "2019.05.01"]

1. c4 g6 2. Nc3 c5 3. g3 Bg7 4. Bg2 Nc6 5. Nf3 d6 6. O-O e6 7. e3 Nge7 8. b3 e5
9. Bb2 O-O 10. d3 h6 11. Ne1 Rb8 12. Nc2 f5 13. Nd5 Be6 14. Qd2 Qd7 15. Rae1
Rbe8 16. f4 Nc8 17. Bc3 a6 18. a4 Kh7 19. b4 Bxd5 20. Bxd5 Nb6 21. Bxc6 Qxc6 22.
a5 Nd7 23. Rb1 Rf7 24. b5 Qc8 25. Rbe1 axb5 26. cxb5 d5 27. fxe5 Nxe5 28. Bxe5
Rxe5 29. d4 Re4 30. Rf4 Re8 31. Rff1 Rfe7 32. Qd3 Re4 33. Rc1 h5 34. dxc5 Qxc5
35. Nd4 Rxe3 36. Rxc5 Rxd3 37. Nc2 Re7 38. Kg2 d4 39. Nb4 Rb3 40. Rc4 d3 41. a6
bxa6 42. bxa6 Re2+ 43. Kf3 Rxh2 44. Nd5 Ra2 45. Rb4 Rba3 46. Rd1 d2+ 47. Ne3
Rxa6 48. Nc4 Bc3 49. Rb3 Ra1 50. Ne3 Rxd1 51. Nxd1 Bf6 0-1

[Event "TCh-RUS Premier 2019"]
[Site "Sochi RUS"]
[Date "2019.05.08"]
[Round "7.5"]
[Board "1"]
[White "Karpov, Anatoly"]
[Black "Matlakov, Maxim"]
[Result "1/2-1/2"]
[WhiteTitle "GM"]
[BlackTitle "GM"]
[WhiteElo "2616"]
[BlackElo "2697"]
[WhiteTeam "HQ Sima-land (Sverdlovsk region)"]
[BlackTeam "Mednyi vsadnik (St. Petersburg)"]
[WhiteFideId "4100026"]
[BlackFideId "4168003"]
[EventDate "2019.05.01"]

1. d4 Nf6 2. c4 e6 3. Nc3 Bb4 4. Qc2 O-O 5. a3 Bxc3+ 6. Qxc3 d5 7. Bg5 dxc4 8.
Qxc4 b6 9. Rd1 Ba6 10. Qa4 h6 11. Bh4 Qe7 12. Nf3 Rd8 13. e3 Bxf1 14. Rxf1 c5
15. Ke2 Nbd7 16. Ne5 Nxe5 17. dxe5 g5 18. exf6 Qxf6 19. Bg3 Qxb2+ 20. Kf3 Qf6+
21. Ke2 Qb2+ 22. Kf3 Qf6+ 23. Ke2 Qb2+ 24. Kf3 Qf6+ 25. Ke2 Qb2+ 26. Kf3 Qf6+
27. Ke2 Qb2+ 1/2-1/2

[Event "TCh-RUS Premier 2019"]
[Site "Sochi RUS"]
[Date "2019.05.08"]
[Round "7.5"]
[Board "3"]
[White "Motylev, Alexander"]
[Black "Najer, Evgeniy"]
[Result "1/2-1/2"]
[WhiteTitle "GM"]
[BlackTitle "GM"]
[WhiteElo "2650"]
[BlackElo "2674"]
[WhiteTeam "HQ Sima-land (Sverdlovsk region)"]
[BlackTeam "Mednyi vsadnik (St. Petersburg)"]
[WhiteFideId "4121830"]
[BlackFideId "4118987"]
[EventDate "2019.05.01"]

1. e4 c5 2. Nf3 d6 3. d4 cxd4 4. Nxd4 Nf6 5. Nc3 a6 6. Bg5 e6 7. f4 Nbd7 8. Qf3
Qc7 9. O-O-O b5 10. e5 Bb7 11. Qh3 dxe5 12. Nxe6 fxe6 13. Qxe6+ Be7 14. Bxf6
gxf6 15. Bxb5 axb5 16. Nxb5 Qc6 17. Nd6+ Kd8 18. Nxb7+ Qxb7 19. Rxd7+ Qxd7 20.
Rd1 Qxd1+ 21. Kxd1 exf4 22. a4 Re8 23. a5 Kc7 24. Qc4+ Kd7 25. Qa4+ Kc7 26. Qc4+
Kd7 27. Qa4+ Kc7 28. Qc4+ 1/2-1/2

[Event "TCh-RUS Premier 2019"]
[Site "Sochi RUS"]
[Date "2019.05.08"]
[Round "7.5"]
[Board "4"]
[White "Ponkratov, Pavel"]
[Black "Lysyj, Igor"]
[Result "1/2-1/2"]
[WhiteTitle "GM"]
[BlackTitle "GM"]
[WhiteElo "2640"]
[BlackElo "2642"]
[WhiteTeam "Mednyi vsadnik (St. Petersburg)"]
[BlackTeam "HQ Sima-land (Sverdlovsk region)"]
[WhiteFideId "4157800"]
[BlackFideId "4150120"]
[EventDate "2019.05.01"]

1. e4 e6 2. d4 d5 3. Nc3 Nf6 4. e5 Nfd7 5. f4 c5 6. Nf3 Nc6 7. Be3 Be7 8. Qd2
O-O 9. dxc5 Bxc5 10. O-O-O Qa5 11. a3 Be7 12. Kb1 a6 13. h4 b5 14. Nd4 Qc7 15.
h5 b4 16. axb4 Bxb4 17. Rh3 Rb8 18. h6 g6 19. Nxc6 Qxc6 20. Ba7 Rb7 21. Bd4 a5
22. g4 Rb8 23. Ba7 Rb7 24. Bd4 Rb8 25. Ba7 Rb7 26. Bd4 1/2-1/2